header

Community participation and empowerment (Record no. 57430)

MARC details
000 -LEADER
fixed length control field 01303nam a2200325 a 4500
082 04 - DEWEY DECIMAL CLASSIFICATION NUMBER
Classification number 307.1/4
245 00 - TITLE STATEMENT
Title Community participation and empowerment
260 ## - PUBLICATION, DISTRIBUTION, ETC. (IMPRINT)
Place of publication New York :
Name of publisher Nova Science Publishers,
Year of publication c2009.
300 ## - PHYSICAL DESCRIPTION
Number of Pages xv, 435 p. :
Other physical details ill. (some col.), col. maps.
650 #0 - SUBJECT ADDED ENTRY--TOPICAL TERM
Topical Term Community development
700 1# - ADDED ENTRY--PERSONAL NAME
Personal name Hindsworth, Mildred F.
Personal name Lang, Trevor B.
856 40 - ELECTRONIC LOCATION AND ACCESS
Uniform Resource Identifier http://site.ebrary.com/lib/rucke/Doc?id=10675121

No items available.

© 2026 Rongo University
Contact us: librarian | system librarian | Rongo university